000 00336nam a2200121Ia 4500
008 220216s9999 xx 000 0 und d
100 _aDe D K
245 0 _aCrack growth in twisted rubber disks. Part II. Experimenetal results
260 _bRubber Chemistry and Technology
_c1998
300 _a84-94
700 _aGent A N
942 _cJS
999 _c56493
_d56493